| 000 | 00793nam a22002177a 4500 | ||
|---|---|---|---|
| 003 | OSt | ||
| 005 | 20260216102835.0 | ||
| 008 | 160222b xxu||||| |||| 00| 0 eng d | ||
| 020 | _a05-734-2006-1 | ||
| 024 | _205-734-2006-1 | ||
| 040 | _cUniversity of Management Sciences | ||
| 082 | _a174.4 LUM 2006 | ||
| 100 |
_aMohammad Zia ur Rehman _9133211 |
||
| 245 |
_aVOICE FOR THE POOR ATTRACTING AND DEVELOPING MANAGEMENT TALENT _cMohammad Zia ur Rehman |
||
| 260 |
_aLahore _bUniversity of Management Sciences _c2006 |
||
| 300 |
_a18 P. _bPapers |
||
| 440 |
_aVOICE FOR THE POOR ATTRACTING AND DEVELOPING MANAGEMENT TALENT _9133212 |
||
| 590 | _6http://10.250.8.41:8080/xmlui/handle/123456789/56771 | ||
| 856 | _uhttp://10.250.8.41:8080/xmlui/handle/123456789/56771 | ||
| 942 |
_2ddc _cCS |
||
| 999 |
_c351186 _d351186 |
||